01177nam a22002417a 450000500170000000800420001702000150005905000260007411000890010024000820018924502920027125000110056326000420057430000260061649001050064250400300074750600140077750600080079165000310079965000320083070000300086270000430089220180425123811.0a050609t19771977sp 000 0 spa u a842000010804aSF995.6.S3 bA86 19771 aAsociación Americana de Veterinarios Especialistas en Diagnóstico de Laboratorio10aCulture methods for the detection of animal salmonellosis and arizonosisleng10aMétodos de cultivo para la investigación de salmonelosis y arizonosis animales c/ preparado por el Comité sobre salmonelosis y arizonosis (Asociación Americana de Veterinarios Especialistas en Diagnóstico de Laboratorio) ; editado Edwin M. Ellis ;tr. José M.Tarazona Vilas. a1a ed. aZaragoza, España :bAcribia, c1977 aviii, 98 p. ;c25 cm.0 aUn manual de la Asociación Americana de Veterinarios Especialistas en Diagnóstico de Laboratorio aBibliografía : p. 95-98 aRec. DGB. aMVZ 7aSalmonelosis2enfermedades 7aArizonosis2lembxbacterias aEllis, Edwin M., eeditor aTarazona Vilas, José M., etraductor